[Event "Sonipat Prakash Singh Memorial 1st"]
[Site "Sonipat"]
[Date "2017.04.20"]
[Round "7"]
[White "Srikanth, K."]
[Black "Vinay, Raj Bhatt"]
[Result "1-0"]
[WhiteElo "1886"]
[BlackElo "2041"]
[PlyCount "77"]
[EventDate "2017.04.17"]
[EventType "swiss"]
[EventRounds "10"]
[EventCountry "IND"]
[SourceTitle "CBM 177 Extra"]
[Source "ChessBase"]
[SourceDate "2017.04.27"]
[SourceVersion "1"]
[SourceVersionDate "2017.04.27"]
[SourceQuality "1"]

1. e4 c5 2. Nc3 Nc6 3. f4 g6 4. Nf3 Bg7 5. Bb5 Nh6 6. 0-0 0-0 7. Bxc6 bxc6 8. d3 d5 9. Qe1 e6 10. e5 Ba6 11. Na4 c4 12. Nc5 cxd3 13. cxd3 Bc8 14. d4 Re8 15. Rf2 Nf5 16. Rc2 h5 17. Bd2 Rb8 18. Ba5 Qe7 19. Qc3 Bf8 20. Rac1 Rb5 21. Nb3 Bd7 22. a4 Rbb8 23. Nc5 Bc8 24. g3 Bh6 25. Qd2 Kh7 26. Qf2 Bf8 27. h3 h4 28. g4 Ng3 29. g5 Ne4 30. Qxh4+ Kg8 31. Nxe4 dxe4 32. Nh2 Bg7 33. Ng4 Ba6 34. Nf6+ Bxf6 35. gxf6 Qf8 36. Bc7 Rbd8 37. Bxd8 Rxd8 38. Rxc6 Bd3 39. Qf2 1-0

[Event "Sonipat Prakash Singh Memorial 1st"]
[Site "Sonipat"]
[Date "2017.04.19"]
[Round "5"]
[White "Srikanth, K."]
[Black "Akshay, Anand"]
[Result "1-0"]
[WhiteElo "1886"]
[BlackElo "1933"]
[PlyCount "71"]
[EventDate "2017.04.17"]
[EventType "swiss"]
[EventRounds "10"]
[EventCountry "IND"]
[SourceTitle "CBM 177 Extra"]
[Source "ChessBase"]
[SourceDate "2017.04.27"]
[SourceVersion "1"]
[SourceVersionDate "2017.04.27"]
[SourceQuality "1"]

1. e4 e5 2. Nf3 Nc6 3. Bc4 Bc5 4. 0-0 d6 5. d3 Nf6 6. c3 a6 7. Bb3 Ba7 8. Be3 0-0 9. Nbd2 Bxe3 10. fxe3 d5 11. exd5 Nxd5 12. Qe2 Nf6 13. d4 exd4 14. exd4 Bg4 15. Qf2 Qd7 16. Ne5 Nxe5 17. dxe5 Nd5 18. Ne4 Be6 19. Rad1 b5 20. Qh4 c6 21. Rxd5 cxd5 22. Nf6+ gxf6 23. Bc2 Qa7+ 24. Kh1 Rfc8 25. Qh6 f5 26. Rf3 Rc4 27. h3 Rg4 28. hxg4 fxg4 29. Bxh7+ Kh8 30. Bf5+ Kg8 31. Rf4 Bxf5 32. Rxf5 f6 33. Qxf6 Qh7+ 34. Kg1 Qa7+ 35. Kf1 Qg7 36. Qe6+ 1-0

[Event "IND-chT"]
[Site "Gurgaon"]
[Date "2010.02.22"]
[Round "3"]
[White "Venkat, Sundaram"]
[Black "Srikanth, K."]
[Result "1-0"]
[WhiteElo "2216"]
[BlackElo "2032"]
[PlyCount "74"]
[EventDate "2010.02.21"]
[EventType "team"]
[EventRounds "9"]
[EventCountry "IND"]
[SourceTitle "CBM 135 Extra"]
[Source "ChessBase"]
[SourceDate "2010.05.04"]
[SourceVersion "1"]
[SourceVersionDate "2010.05.04"]
[SourceQuality "1"]

1. e4 e5 2. Nf3 d6 3. d4 exd4 4. Qxd4 Nc6 5. Bb5 Bd7 6. Bxc6 Bxc6 7. Bg5 Nf6 8. Bxf6 Qxf6 9. Qxf6 gxf6 10. Nc3 Rg8 11. Nh4 0-0-0 12. 0-0 Re8 13. Rae1 Bh6 14. f4 Bf8 15. g3 Be7 16. Nf5 Bd8 17. b3 h5 18. Nd5 Bd7 19. c4 Be6 20. Kg2 Bxf5 21. exf5 c6 22. Ne3 Ba5 23. Re2 Re7 24. Kf3 Rge8 25. a3 Bc3 26. Rd1 c5 27. Rc1 Bd2 28. Rxd2 Rxe3+ 29. Kf2 Rxb3 30. Rxd6 Rb2+ 31. Kf3 Rbe2 32. Rc3 Rxh2 33. Rxf6 Ree2 34. Re3 Rd2 35. Rxf7 Rhf2+ 36. Ke4 h4 37. gxh4 Rd8 1-0